Maloobchod v podmienkach znalostnej ekonomiky
Posledné desaťročia sú vo svete typické výraznou intelektuáciou práce. Mnohé podniky si uvedomujú, že ich výkoonosť a konkurencieschopnosť je založená na ľudskom potenciáli, pre ktorý je charakteristická vysoká úroveň vedomostí, zručností a talentu. Kvalifikácia pracovníkov v maloobchode. Technologi...
Saved in:
| Main Author: | |
|---|---|
| Format: | Book Chapter |
| Language: | Slovak |
| Subjects: | |
| Tags: |
No Tags, Be the first to tag this record!
|
MARC
| LEADER | 00000nla$a2200000$$$4500 | ||
|---|---|---|---|
| 001 | 0068921 | ||
| 005 | 20240502083204.3 | ||
| 041 | 0 | |a slo | |
| 044 | |a CZ | ||
| 245 | 1 | 0 | |a Maloobchod v podmienkach znalostnej ekonomiky |c Katarína Karasová |
| 520 | |a Posledné desaťročia sú vo svete typické výraznou intelektuáciou práce. Mnohé podniky si uvedomujú, že ich výkoonosť a konkurencieschopnosť je založená na ľudskom potenciáli, pre ktorý je charakteristická vysoká úroveň vedomostí, zručností a talentu. Kvalifikácia pracovníkov v maloobchode. Technologické inovácie v maloobchode. Hlavné funkcie nových technológií v službách obchodu - zdroj interných informácií pre predajne, výmena informácií s inými organizáciami, zlepšenie vzťahov so spotrebiteľmi, internetová revolúcia. | ||
| 610 | 2 | 0 | |a ekonomika vedomostná |
| 610 | 2 | 0 | |a vedomosti |
| 610 | 2 | 0 | |a maloobchod |
| 610 | 2 | 0 | |a vzdelávanie |
| 610 | 2 | 0 | |a kvalifikácia |
| 610 | 2 | 0 | |a inovácia |
| 610 | 2 | 0 | |a technológie nové |
| 100 | 1 | |a Karasová, Katarína | |